Copa Libertadores 2021 - Statistics

General Stats
  • This quiz has been taken 76 times
  • The average score is 19 of 32
Answer Stats
% Correct
Group C Boca Juniors
97%
Group G Flamengo
95%
Group A Palmeiras
95%
Group D River Plate
95%
Group F Nacional
80%
Group E São Paulo
80%
Group H Atlético Mineiro
78%
Group B Internacional
73%
Group E Racing
72%
Group F Universidad Católica
72%
Group C Barcelona
70%
Group C Santos
69%
Group D Fluminense
67%
Group G LDU Quito
67%
Group B Olimpia
67%
Group G Vélez Sarsfield
61%
Group C The Strongest
59%
Group H Cerro Porteño
53%
Group F Atlético Nacional
50%
Group A Universitario
50%
Group A Defensa Y Justicia
48%
Group D Junior
48%
Group E Sporting Cristal
45%
Group A Independiente Del Valle
44%
Group B Always Ready
39%
Group B Deportivo Táchira
39%
Group D Santa Fe
34%
Group G Unión La Calera
33%
Group E Rentistas
31%
Group F Argentinos Juniors
30%
Group H América de Cali
27%
Group H Deportivo La Guaira
22%
No matching quizzes found
Score Distribution
Percent of People with Each Score
Percentile by Number Answered
Your Score History
You have not taken this quiz